Oxford practice grammar with answers : Advanced
A three-level English grammar practice series for the classroom or self-study with clear explanations and lots of extra practice. Each level has an interactive Practice-Boost CD-ROM.
Sparad:
| Huvudupphovsman: | |
|---|---|
| Materialtyp: | Bok |
| Språk: | Undetermined |
| Publicerad: |
Oxford
Oxford University Press
2006
|
| Ämnen: | |
| Taggar: |
Lägg till en tagg
Inga taggar, Lägg till första taggen!
|
| Thư viện lưu trữ: | Trung tâm Học liệu Trường Đại học Cần Thơ |
|---|
| LEADER | 00936nam a2200253Ia 4500 | ||
|---|---|---|---|
| 001 | CTU_197457 | ||
| 008 | 210402s9999 xx 000 0 und d | ||
| 020 | |c 299000 | ||
| 082 | |a 428.24 | ||
| 082 | |b Y95 | ||
| 100 | |a Yule, George | ||
| 245 | 0 | |a Oxford practice grammar with answers : | |
| 245 | 0 | |b Advanced | |
| 245 | 0 | |c George Yule | |
| 260 | |a Oxford | ||
| 260 | |b Oxford University Press | ||
| 260 | |c 2006 | ||
| 520 | |a A three-level English grammar practice series for the classroom or self-study with clear explanations and lots of extra practice. Each level has an interactive Practice-Boost CD-ROM. | ||
| 526 | |a Ngữ pháp trung cấp | ||
| 526 | |b SG280 | ||
| 650 | |a English language,English language,Tiếng Anh | ||
| 650 | |x Textbooks for foreign speakers,Grammar,Giáo trình dành cho người nước ngoài | ||
| 910 | |a Hải | ||
| 980 | |a Trung tâm Học liệu Trường Đại học Cần Thơ | ||